<?xml version="1.0" encoding="UTF-8"?>
<record
    xmlns:xsi="http://www.w3.org/2001/XMLSchema-instance"
    xsi:schemaLocation="http://www.loc.gov/MARC21/slim http://www.loc.gov/standards/marcxml/schema/MARC21slim.xsd"
    xmlns="http://www.loc.gov/MARC21/slim">

  <leader>01152nam a22002177a 4500</leader>
  <datafield tag="952" ind1=" " ind2=" ">
    <subfield code="0">0</subfield>
    <subfield code="1">0</subfield>
    <subfield code="2">ddc</subfield>
    <subfield code="4">0</subfield>
    <subfield code="7">1</subfield>
    <subfield code="8">NFIC</subfield>
    <subfield code="a">ASL</subfield>
    <subfield code="b">ASL</subfield>
    <subfield code="c">GEN</subfield>
    <subfield code="d">2020-09-16</subfield>
    <subfield code="e">Complementary</subfield>
    <subfield code="l">0</subfield>
    <subfield code="o">297.122591 KHP</subfield>
    <subfield code="p">101151</subfield>
    <subfield code="r">2020-09-16 00:00:00</subfield>
    <subfield code="t">C-1</subfield>
    <subfield code="w">2020-09-16</subfield>
    <subfield code="y">BK</subfield>
  </datafield>
  <datafield tag="999" ind1=" " ind2=" ">
    <subfield code="c">18006</subfield>
    <subfield code="d">18006</subfield>
  </datafield>
  <controlfield tag="003">BDDh-ASL</controlfield>
  <controlfield tag="005">20231015025652.0</controlfield>
  <controlfield tag="008">200916b1997       ||||| b||| 001 0     d</controlfield>
  <datafield tag="020" ind1=" " ind2=" ">
    <subfield code="a">9840735136</subfield>
  </datafield>
  <datafield tag="040" ind1=" " ind2=" ">
    <subfield code="a">BDDh-ASL</subfield>
    <subfield code="c">BDDh-ASL</subfield>
    <subfield code="d">BDDh-ASL</subfield>
  </datafield>
  <datafield tag="041" ind1=" " ind2=" ">
    <subfield code="a">bengali </subfield>
  </datafield>
  <datafield tag="082" ind1=" " ind2=" ">
    <subfield code="a">297.122591</subfield>
    <subfield code="b">KHP</subfield>
  </datafield>
  <datafield tag="100" ind1=" " ind2=" ">
    <subfield code="9">843</subfield>
    <subfield code="a">&#x996;&#x9BE;&#x9A8;, &#x9AE;&#x9CB;&#x9AB;&#x9BE;&#x996;&#x996;&#x9BE;&#x9B0; &#x9B9;&#x9C1;&#x9B8;&#x9C7;&#x987;</subfield>
  </datafield>
  <datafield tag="245" ind1="1" ind2=" ">
    <subfield code="a">&#x9AA;&#x9AC;&#x9BF;&#x9A4;&#x9CD;&#x9B0; &#x995;&#x9C1;&#x9B0;&#x986;&#x9A8; &#x9AA;&#x9CD;&#x9B0;&#x99A;&#x9BE;&#x9B0;&#x9C7;&#x9B0; &#x987;&#x9A4;&#x9BF;&#x9B9;&#x9BE;&#x9B8; &#x200D;&#x993; &#x9AC;&#x999;&#x9CD;&#x997;&#x9BE;&#x9A8;&#x9C1;&#x9AC;&#x9BE;&#x9A6;&#x9C7;&#x9B0; &#x9B6;&#x9A4;&#x9AC;&#x9B0;&#x9CD;&#x9B7;/</subfield>
    <subfield code="c">&#x9AE;&#x9CB;&#x9AB;&#x9BE;&#x996;&#x996;&#x9BE;&#x9B0; &#x9B9;&#x9C1;&#x9B8;&#x9C7;&#x987;&#x9A8; &#x996;&#x9BE;&#x9A8;&#x964; </subfield>
  </datafield>
  <datafield tag="246" ind1=" " ind2=" ">
    <subfield code="a">Pabitra Quran Prachaarer Itihaas-O-Bangaanubaader Shatabarsha.  </subfield>
  </datafield>
  <datafield tag="260" ind1=" " ind2=" ">
    <subfield code="a">&#x9A2;&#x9BE;&#x995;&#x9BE;: </subfield>
    <subfield code="b">&#x9AC;&#x9BE;&#x982;&#x9B2;&#x9BE; &#x98F;&#x995;&#x9BE;&#x9A1;&#x9C7;&#x9AE;&#x9C0;, </subfield>
    <subfield code="c">&#x9E7;&#x9EF;&#x9EF;&#x9ED;</subfield>
  </datafield>
  <datafield tag="300" ind1=" " ind2=" ">
    <subfield code="a">&#x9B8;&#x9A4;&#x9B0;, &#x9E9;&#x9EA;&#x9E6; &#x9AA;&#x9C3;&#x9B7;&#x9CD;&#x9A0;&#x9BE;: </subfield>
    <subfield code="c">&#x9E8;&#x9E7; &#x9B8;&#x9C7;. &#x9AE;&#x9BF;.&#x964; </subfield>
  </datafield>
  <datafield tag="504" ind1=" " ind2=" ">
    <subfield code="a">&#x997;&#x9CD;&#x9B0;&#x9A8;&#x9CD;&#x9A5;&#x9AA;&#x99E;&#x9CD;&#x99C;&#x9BF; &#x993; &#x9A8;&#x9BF;&#x9B0;&#x9CD;&#x998;&#x9A8;&#x9CD;&#x99F; &#x9B8;&#x982;&#x9AF;&#x9C1;&#x995;&#x9CD;&#x9A4;&#x964; </subfield>
  </datafield>
  <datafield tag="650" ind1=" " ind2="0">
    <subfield code="9">844</subfield>
    <subfield code="a">&#x995;&#x9C1;&#x9B0;&#x986;&#x9A8; &#x9AA;&#x9CD;&#x9B0;&#x99A;&#x9BE;&#x9B0;&#x9C7;&#x9B0; &#x987;&#x9A4;&#x9BF;&#x9B9;&#x9BE;&#x9B8;</subfield>
    <subfield code="x">&#x987;&#x9B8;&#x9B2;&#x9BE;&#x9AE; &#x9A7;&#x9B0;&#x9CD;&#x9AE; </subfield>
    <subfield code="x">&#x995;&#x9C1;&#x9B0;&#x986;&#x9A8;&#x9C7;&#x9B0; &#x9AC;&#x999;&#x9CD;&#x997;&#x9BE;&#x9A8;&#x9C1;&#x9AC;&#x9BE;&#x9A6;&#x9C7;&#x9B0; &#x987;&#x9A4;&#x9BF;&#x9B9;&#x9BE;&#x9B8; </subfield>
  </datafield>
  <datafield tag="942" ind1=" " ind2=" ">
    <subfield code="2">ddc</subfield>
    <subfield code="c">BK</subfield>
  </datafield>
</record>
